[Event "57th Biel Rapid Open"]
[Site "Biel SUI"]
[Date "2024.07.14"]
[Round "1.57"]
[White "Rotunno, Flavio"]
[Black "Hasannudin, Zenathan Adnin"]
[Result "1-0"]
[WhiteElo "2168"]
[BlackElo "1533"]
[WhiteFideId "1338528"]
[BlackFideId "7126719"]
[EventDate "2024.07.14"]
[EventType "swiss"]

1. d4 e6 2. c4 d5 3. Nf3 Nf6 4. Nc3 Bb4 5. Bg5 h6 6. Bxf6 Qxf6 7. Qa4+ Nc6 8. e3
Bxc3+ 9. bxc3 O-O 10. Be2 Bd7 11. cxd5 exd5 12. Qb5 b6 13. Qxd5 Rad8 14. Qb3
Rfe8 15. O-O Ne7 16. Ne5 Be6 17. Bc4 Nf5 18. Bxe6 Rxe6 19. Rae1 h5 20. e4 Nh4
21. f4 Ng6 22. Nxg6 fxg6 23. f5 gxf5 24. exf5 1-0

[Event "57th Biel Rapid Open"]
[Site "Biel SUI"]
[Date "2024.07.14"]
[Round "1.58"]
[White "Hottinger, Ieremia"]
[Black "Edoecs, Joseph"]
[Result "0-1"]
[WhiteElo "1523"]
[BlackElo "2015"]
[WhiteFideId "1359185"]
[BlackFideId "1309404"]
[EventDate "2024.07.14"]
[EventType "swiss"]

1. e4 c5 2. Nf3 e6 3. d4 cxd4 4. Nxd4 a6 5. Nc3 Qc7 6. Be2 b5 7. a3 Bb7 8. f3
Nc6 9. Nxc6 dxc6 10. Be3 Rd8 11. Qc1 Bd6 12. Bg1 Bf4 13. Qb1 Bd2+ 14. Kf1 Nf6
15. Bf2 c5 16. b4 Bxc3 17. Ra2 Bxe4 18. fxe4 Nxe4 19. Be1 Qf4+ 20. Bf3 Rd2 21.
Qb3 Rd1 22. Ke2 Rxe1+ 23. Rxe1 Qd2+ 0-1

[Event "57th Biel Rapid Open"]
[Site "Biel SUI"]
[Date "2024.07.14"]
[Round "1.59"]
[White "Musaelyan, Arshavir"]
[Black "Szakolczai, Adam"]
[Result "1-0"]
[WhiteElo "1981"]
[BlackElo "1512"]
[WhiteFideId "1332082"]
[BlackFideId "1357018"]
[EventDate "2024.07.14"]
[EventType "swiss"]

1. d4 d5 2. Nf3 g6 3. g3 Bg7 4. Bg2 Nf6 5. O-O O-O 6. c4 c6 7. b3 b6 8. Bb2 Bb7
9. Qc2 c5 10. Rd1 Nbd7 11. dxc5 bxc5 12. cxd5 Bxd5 13. Nc3 Bb7 14. Ne5 Bxg2 15.
Kxg2 Qc7 16. Nxd7 Nxd7 17. Nd5 Qb7 18. Qe4 Bxb2 19. Nxe7+ Kg7 20. Qxb7 Bxa1 21.
Qxd7 Bf6 22. Nd5 Bd4 23. Nc7 Rad8 24. Ne6+ Kg8 25. Nxd8 Bf6 26. Qc7 Bg7 27. Rd7
a5 28. Rxf7 Rxf7 29. Qxf7+ Kh8 30. Qe8+ Bf8 31. Qxf8# 1-0

[Event "57th Biel Rapid Open"]
[Site "Biel SUI"]
[Date "2024.07.14"]
[Round "2.1"]
[White "Toktomushev, Teimur"]
[Black "Ganguly, Surya Shekhar"]
[Result "1/2-1/2"]
[WhiteTitle "FM"]
[BlackTitle "GM"]
[WhiteElo "2300"]
[BlackElo "2592"]
[WhiteFideId "14176726"]
[BlackFideId "5002150"]
[EventDate "2024.07.14"]
[EventType "swiss"]

1. d4 Nf6 2. c4 e6 3. Nf3 d5 4. Nc3 Nbd7 5. Bf4 dxc4 6. e3 b5 7. Nxb5 Bb4+ 8.
Nc3 Nd5 9. Rc1 N7b6 10. Be2 Bb7 11. O-O Nxf4 12. exf4 O-O 13. Ne5 Qf6 14. Bf3
Bd5 15. g3 Rad8 16. Nb5 Bd6 17. Nxa7 Ra8 18. Nb5 Rxa2 19. Bxd5 exd5 20. b3 Qe6
21. bxc4 dxc4 22. d5 Nxd5 23. Nxd6 cxd6 24. Nxc4 Re2 25. Nxd6 Nxf4 26. gxf4 Qg4+
27. Kh1 Qf3+ 28. Kg1 Qg4+ 29. Kh1 Qf3+ 30. Kg1 1/2-1/2

[Event "57th Biel Rapid Open"]
[Site "Biel SUI"]
[Date "2024.07.14"]
[Round "2.2"]
[White "Moiseenko, Alexander"]
[Black "Vemparala, Nikash"]
[Result "1/2-1/2"]
[WhiteTitle "GM"]
[BlackTitle "CM"]
[WhiteElo "2570"]
[BlackElo "2150"]
[WhiteFideId "14102560"]
[BlackFideId "30960967"]
[EventDate "2024.07.14"]
[EventType "swiss"]

1. d4 d5 2. c4 e6 3. Nc3 h6 4. Nf3 Nf6 5. g3 Nc6 6. Bg2 Bd6 7. O-O O-O 8. a3
dxc4 9. Qa4 e5 10. dxe5 Nxe5 11. Nxe5 Bxe5 12. Qxc4 c6 13. Bf4 Be6 14. Qb4 Bxf4
15. Qxf4 Qb6 16. b4 Rad8 17. Na4 Qb5 18. Nc5 Bc8 19. Rfe1 a5 20. Rab1 Nd5 21.
Bxd5 Rxd5 22. e4 Rdd8 23. e5 axb4 24. axb4 b6 25. Ne4 Qd3 26. Nd6 Be6 27. Rbd1
Qg6 28. Qe3 b5 29. f4 Qh5 30. Rd2 Bd5 31. Qe2 Qh3 32. Qf1 Qh5 33. Qe2 Qh3 34.
Qf1 Qh5 35. Red1 f6 36. Nxb5 fxe5 37. Nc7 exf4 38. Nxd5 cxd5 39. gxf4 Qg4+ 1/2-1/2

[Event "57th Biel Rapid Open"]
[Site "Biel SUI"]
[Date "2024.07.14"]
[Round "2.3"]
[White "Papaux, Steve"]
[Black "Sasikiran, Krishnan"]
[Result "0-1"]
[BlackTitle "GM"]
[WhiteElo "2228"]
[BlackElo "2581"]
[WhiteFideId "1337602"]
[BlackFideId "5004985"]
[EventDate "2024.07.14"]
[EventType "swiss"]

1. Nf3 d5 2. d4 Nf6 3. c4 c6 4. Nc3 e6 5. g3 Nbd7 6. Bg2 dxc4 7. a4 a5 8. O-O
Be7 9. e4 O-O 10. Qe2 b6 11. Rd1 Ba6 12. d5 cxd5 13. exd5 exd5 14. Nxd5 Re8 15.
Bh3 Bb7 16. Nxf6+ Bxf6 17. Be3 Bxf3 18. Qxf3 Ne5 19. Qb7 Qb8 20. Qxb6 Qxb6 21.
Bxb6 Nd3 22. Rab1 Nxb2 23. Rd5 c3 24. Bd7 Re5 25. Rd6 Nc4 26. Rc6 Nxb6 27. Rcxb6
Rd8 28. Rb8 Rd5 29. Rxd8+ Bxd8 30. Bc6 c2 0-1

[Event "57th Biel Rapid Open"]
[Site "Biel SUI"]
[Date "2024.07.14"]
[Round "2.4"]
[White "Nesterov, Arseniy"]
[Black "Bex, Pierre-Alain"]
[Result "1-0"]
[WhiteTitle "GM"]
[WhiteElo "2602"]
[BlackElo "2119"]
[WhiteFideId "24198455"]
[BlackFideId "1300814"]
[EventDate "2024.07.14"]
[EventType "swiss"]

1. d4 d5 2. c4 dxc4 3. Nf3 Nf6 4. e3 a6 5. Bxc4 e6 6. O-O c5 7. b3 Nc6 8. Bb2 b5
9. Be2 Bb7 10. a4 bxa4 11. Rxa4 cxd4 12. Nxd4 Qb6 13. Nd2 Nb4 14. Nc4 Qc7 15.
Ba3 a5 16. Nb5 1-0

[Event "57th Biel Rapid Open"]
[Site "Biel SUI"]
[Date "2024.07.14"]
[Round "2.5"]
[White "Harish, Neeraj"]
[Black "Sadorra, Julio Catalino"]
[Result "1/2-1/2"]
[WhiteTitle "CM"]
[BlackTitle "GM"]
[WhiteElo "2123"]
[BlackElo "2542"]
[WhiteFideId "30958130"]
[BlackFideId "5201268"]
[EventDate "2024.07.14"]
[EventType "swiss"]

1. e4 e6 2. d4 d5 3. e5 c5 4. c3 Nc6 5. Nf3 Bd7 6. Be2 f6 7. O-O fxe5 8. dxe5
Qc7 9. Re1 Nge7 10. Bd3 h6 11. a3 g5 12. b4 c4 13. Bc2 O-O-O 14. b5 Na5 15. a4
Nb3 16. Bxb3 cxb3 17. Qxb3 Ng6 18. Be3 Bc5 19. c4 Kb8 20. cxd5 Bxe3 21. Rxe3
exd5 22. Rc3 Qb6 23. Na3 Nf4 24. Re1 Rc8 25. Nc2 Bf5 26. Ncd4 Be4 27. Rec1 Bxf3
28. Rxc8+ Rxc8 29. Rxc8+ Kxc8 30. Qc2+ Kb8 31. Nxf3 d4 32. Qc4 a6 33. g3 Ne6 34.
Qd5 axb5 35. axb5 g4 36. Nh4 Nc7 37. Qg8+ Ka7 38. Qa2+ Kb8 39. Qg8+ Ka7 40. Qa2+
Kb8 41. Qg8+ 1/2-1/2

[Event "57th Biel Rapid Open"]
[Site "Biel SUI"]
[Date "2024.07.14"]
[Round "2.6"]
[White "Harsha, Bharathakoti"]
[Black "Illijin, Neboisa"]
[Result "1-0"]
[WhiteTitle "GM"]
[BlackTitle "IM"]
[WhiteElo "2569"]
[BlackElo "2141"]
[WhiteFideId "5078776"]
[BlackFideId "1200798"]
[EventDate "2024.07.14"]
[EventType "swiss"]

1. d4 Nf6 2. c4 e6 3. Nc3 Bb4 4. e3 O-O 5. Bd2 d6 6. Qc2 Nc6 7. a3 Bxc3 8. Bxc3
Qe7 9. Nf3 Re8 10. Be2 e5 11. d5 Nb8 12. Nd2 a5 13. b3 b6 14. O-O Nbd7 15. e4
Nf8 16. b4 axb4 17. axb4 Rxa1 18. Rxa1 Ng6 19. g3 h5 20. Nf1 h4 21. Bd2 Nh7 22.
Qc1 Bh3 23. Ra3 Rf8 24. Ne3 hxg3 25. hxg3 Qf6 26. Ng4 Qe7 27. Kh2 Bxg4 28. Bxg4
Nf6 29. Bf3 Qd7 30. Qd1 Nh7 31. Bg4 Qe7 32. Qf3 b5 33. cxb5 Rb8 34. Ra5 Qe8 35.
Qc3 Nf6 36. Bf3 Rxb5 37. Qxc7 Rxa5 38. bxa5 Qb5 39. Bg5 Qf1 40. Qb6 Nh7 41. Be3 1-0

[Event "57th Biel Rapid Open"]
[Site "Biel SUI"]
[Date "2024.07.14"]
[Round "2.7"]
[White "Szakolczai, Peter"]
[Black "Jumabayev, Rinat"]
[Result "0-1"]
[WhiteTitle "FM"]
[BlackTitle "GM"]
[WhiteElo "2188"]
[BlackElo "2565"]
[WhiteFideId "705624"]
[BlackFideId "13702661"]
[EventDate "2024.07.14"]
[EventType "swiss"]

1. e4 c5 2. Nc3 e6 3. Nf3 a6 4. g3 b5 5. Bg2 Bb7 6. d3 d6 7. O-O Nf6 8. Re1 Be7
9. Bf4 O-O 10. h3 b4 11. Ne2 Nc6 12. g4 a5 13. Ng3 a4 14. g5 Nd7 15. h4 Nde5 16.
Be3 a3 17. b3 Nxf3+ 18. Bxf3 f6 19. Bg4 fxg5 20. Bxe6+ Kh8 21. Qh5 g6 22. Qh6
Ne5 23. hxg5 Bxg5 24. Bxg5 Qxg5 25. Qxg5 Nf3+ 26. Kg2 Nxg5 27. Bc4 Rf4 28. Re3
Raf8 29. Rf1 Nf3 30. Re2 Kg7 31. Be6 Nd4 0-1

[Event "57th Biel Rapid Open"]
[Site "Biel SUI"]
[Date "2024.07.14"]
[Round "2.8"]
[White "Materia, Marco"]
[Black "Menzi, Jonas"]
[Result "1-0"]
[WhiteTitle "IM"]
[WhiteElo "2453"]
[BlackElo "2100"]
[WhiteFideId "45150451"]
[BlackFideId "1345133"]
[EventDate "2024.07.14"]
[EventType "swiss"]

1. Nf3 d5 2. e3 Nf6 3. c4 e6 4. Nc3 b6 5. b3 Bb7 6. Bb2 Nbd7 7. Be2 a6 8. O-O
Bd6 9. d4 O-O 10. Rc1 Qe7 11. Qc2 Rad8 12. Rfd1 dxc4 13. bxc4 e5 14. dxe5 Nxe5
15. Nd5 Nxd5 16. cxd5 Nxf3+ 17. Bxf3 Bc8 18. Bd4 Bd7 19. Qc3 f6 20. g3 Ba4 21.
Rf1 Bb5 22. Rfe1 Bb4 23. Qb3 Bd6 24. Kg2 Kh8 25. e4 Bb4 26. Red1 Be8 27. h4 Bg6
28. Rc4 Bd6 29. Qe3 Rfe8 30. Re1 h6 31. Rc6 Qd7 32. Qc3 a5 33. Re2 Ra8 34. e5
fxe5 35. Bxe5 Bxe5 36. Rxe5 Rxe5 37. Qxe5 Rc8 38. Rxg6 Rg8 39. Rxh6# 1-0

[Event "57th Biel Rapid Open"]
[Site "Biel SUI"]
[Date "2024.07.14"]
[Round "2.9"]
[White "Kuhn, Thomas"]
[Black "Bilguun, Sumiya"]
[Result "0-1"]
[BlackTitle "GM"]
[WhiteElo "2094"]
[BlackElo "2458"]
[WhiteFideId "1304135"]
[BlackFideId "4901541"]
[EventDate "2024.07.14"]
[EventType "swiss"]

1. Nf3 c5 2. c4 g6 3. g3 Bg7 4. Bg2 Nc6 5. Nc3 d6 6. O-O e5 7. a3 a5 8. d3 Nge7
9. Bd2 O-O 10. Rb1 h6 11. Ne1 Be6 12. Nd5 a4 13. b3 axb3 14. Rxb3 Ra7 15. Nc2
Qd7 16. Qb1 Kh7 17. Nxe7 Qxe7 18. Rb6 f5 19. Qb5 f4 20. Rb1 Nd8 21. a4 Bd7 22.
Qb2 Bxa4 23. Qc1 Bc6 24. Ne1 Qf7 25. Nf3 g5 26. Qc2 Kg8 27. Bc3 Ne6 28. Nd2 fxg3
29. Rxc6 gxf2+ 30. Kh1 bxc6 31. Bxc6 Kh8 32. Bd5 Qg6 33. Rf1 Raf7 34. Ne4 g4 35.
Nxd6 g3 36. Nxf7+ Rxf7 37. Bf3 Rxf3 0-1

[Event "57th Biel Rapid Open"]
[Site "Biel SUI"]
[Date "2024.07.14"]
[Round "2.10"]
[White "Saraci, Nderim"]
[Black "Olarte, Stefan"]
[Result "1-0"]
[WhiteTitle "IM"]
[WhiteElo "2447"]
[BlackElo "1902"]
[WhiteFideId "6351921"]
[BlackFideId "1356232"]
[EventDate "2024.07.14"]
[EventType "swiss"]

1. e4 g6 2. f4 Bg7 3. Nf3 c5 4. Bc4 Nc6 5. O-O e6 6. d3 Na5 7. f5 Nxc4 8. dxc4
gxf5 9. exf5 b5 10. Ng5 h5 11. fxe6 f6 12. Nf7 Qb6 13. Nxh8 1-0

[Event "57th Biel Rapid Open"]
[Site "Biel SUI"]
[Date "2024.07.14"]
[Round "2.11"]
[White "Lyutsinger, Iren"]
[Black "Madaminov, Mukhiddin"]
[Result "0-1"]
[BlackTitle "IM"]
[WhiteElo "2088"]
[BlackElo "2512"]
[WhiteFideId "34425969"]
[BlackFideId "14210703"]
[EventDate "2024.07.14"]
[EventType "swiss"]

1. e4 e5 2. Nf3 Nc6 3. Bb5 a6 4. Ba4 Nf6 5. O-O Bc5 6. c3 b5 7. Bc2 d5 8. d4
dxe4 9. Nxe5 Nxe5 10. dxe5 Qxd1 11. Bxd1 Ng4 12. Bf4 e3 13. fxe3 Nxe3 14. Bxe3
Bxe3+ 15. Kh1 Be6 16. Bf3 Rd8 17. Na3 Rd2 18. Rfd1 Rxb2 19. Be4 Bf4 20. Bb7 Ke7
21. Re1 Rb8 22. Bf3 Bd2 23. Re2 Bxc3 24. Rb1 Rxe2 25. Bxe2 Bxa2 26. Rc1 Bxe5 0-1

[Event "57th Biel Rapid Open"]
[Site "Biel SUI"]
[Date "2024.07.14"]
[Round "2.12"]
[White "Assaubayeva, Bibisara"]
[Black "Sadeghi, Hassan Roger"]
[Result "1-0"]
[WhiteTitle "IM"]
[WhiteElo "2472"]
[BlackElo "2057"]
[WhiteFideId "13708694"]
[BlackFideId "1304712"]
[EventDate "2024.07.14"]
[EventType "swiss"]

1. d4 Nc6 2. d5 Ne5 3. e4 e6 4. f4 Ng6 5. dxe6 fxe6 6. Be3 Bb4+ 7. c3 Ba5 8. Bd3
Bb6 9. Qe2 N8e7 10. Nd2 O-O 11. g3 d5 12. O-O-O c5 13. Ngf3 Nc6 14. Ng5 d4 15.
Qh5 h6 16. Qxg6 hxg5 17. e5 Ne7 18. Qh7+ Kf7 19. Qh5+ g6 20. Qh7+ Ke8 21. Nc4
Qd5 22. cxd4 cxd4 23. Nd6+ Kd8 24. Bc4 Qf3 25. Rhe1 dxe3 26. Nxc8+ Kxc8 27. Qxe7
Rd8 28. Bxe6+ 1-0

[Event "57th Biel Rapid Open"]
[Site "Biel SUI"]
[Date "2024.07.14"]
[Round "2.13"]
[White "Nasybullina, Alfia"]
[Black "Macovei, Andrei"]
[Result "1-0"]
[WhiteTitle "WIM"]
[BlackTitle "IM"]
[WhiteElo "1997"]
[BlackElo "2479"]
[WhiteFideId "4132416"]
[BlackFideId "13904680"]
[EventDate "2024.07.14"]
[EventType "swiss"]

1. Nf3 Nf6 2. d4 g6 3. Bg5 Bg7 4. Nbd2 d6 5. e4 O-O 6. Bd3 c5 7. c3 h6 8. Bh4 g5
9. Bg3 Nh5 10. Nxg5 Nxg3 11. hxg3 hxg5 12. Qh5 Re8 13. Nf3 e6 14. Nxg5 Qe7 15.
e5 dxe5 16. Nxf7 Qxf7 17. Bg6 Qf6 18. Bxe8 exd4 19. cxd4 cxd4 20. Rc1 Nc6 21.
Bxc6 bxc6 22. Qe8+ Qf8 23. Qxc6 Rb8 24. Rh4 Qe7 25. Qe4 e5 26. Rxc8+ Rxc8 27.
Qh7+ Kf7 28. Qf5+ Qf6 29. Qxc8 Qb6 30. Qd7+ Kf8 31. Kf1 Qxb2 32. Qd8+ Kf7 33.
Qd7+ Kf8 34. Kg1 Qxa2 35. Rh5 Qf7 36. Qd8+ Qe8 37. Rf5+ 1-0

[Event "57th Biel Rapid Open"]
[Site "Biel SUI"]
[Date "2024.07.14"]
[Round "2.14"]
[White "Gaehwiler, Gabriel"]
[Black "Mikavica, Dragoljub"]
[Result "1-0"]
[WhiteTitle "IM"]
[WhiteElo "2398"]
[BlackElo "2025"]
[WhiteFideId "1314530"]
[BlackFideId "1308726"]
[EventDate "2024.07.14"]
[EventType "swiss"]

1. d4 d5 2. c4 Nf6 3. cxd5 Qxd5 4. Nc3 Qd8 5. Nf3 e6 6. e4 c6 7. Bd3 Nbd7 8. O-O
Be7 9. e5 Nd5 10. Ne4 h6 11. Bd2 c5 12. dxc5 Nxc5 13. Nxc5 Bxc5 14. Rc1 Be7 15.
Qe2 Bd7 16. b3 Qb6 17. Rc2 Nb4 18. Bxb4 Qxb4 19. Rc4 Qb6 20. Rfc1 Rd8 21. Nd4
O-O 22. h4 Rc8 23. Qe4 g6 24. h5 Rxc4 25. Rxc4 f5 26. exf6 Rxf6 27. hxg6 Bc6 28.
Qe5 Kg7 29. Nxe6+ Kg8 30. Nd4 Qd8 31. Nxc6 bxc6 32. Rd4 Qf8 33. Bc4+ Kg7 34. Rd7
Kxg6 35. Rxe7 1-0

[Event "57th Biel Rapid Open"]
[Site "Biel SUI"]
[Date "2024.07.14"]
[Round "2.15"]
[White "Chauvon, Guillaume"]
[Black "Gan-Erdene, Sugar"]
[Result "0-1"]
[BlackTitle "IM"]
[WhiteElo "2061"]
[BlackElo "2407"]
[WhiteFideId "206784"]
[BlackFideId "4902980"]
[EventDate "2024.07.14"]
[EventType "swiss"]

1. Nf3 Nf6 2. c4 g6 3. Nc3 Bg7 4. e4 d6 5. d4 O-O 6. Be2 Na6 7. O-O e5 8. Be3 h6
9. h3 exd4 10. Nxd4 Re8 11. f3 Nh5 12. Qd2 Kh7 13. Rad1 Nc5 14. Rfe1 Ne6 15.
Nxe6 Bxe6 16. Nd5 Qd7 17. Bf1 a5 18. Qf2 g5 19. g4 Bxd5 20. exd5 Nf4 21. Bxf4
gxf4 22. Bd3+ Kg8 23. Bb1 Rxe1+ 24. Rxe1 Re8 25. b3 Qd8 26. Kf1 Rxe1+ 27. Qxe1
b6 28. h4 Kf8 29. Kg2 Qf6 30. Kh3 Qb2 31. g5 hxg5 32. hxg5 Bd4 33. Qe4 Qf2 34.
Qxf4 Be5 0-1

[Event "57th Biel Rapid Open"]
[Site "Biel SUI"]
[Date "2024.07.14"]
[Round "2.16"]
[White "Tahay, Alexis"]
[Black "Zargarov, Mikayel"]
[Result "1-0"]
[WhiteTitle "IM"]
[WhiteElo "2392"]
[BlackElo "2033"]
[WhiteFideId "26090961"]
[BlackFideId "1342410"]
[EventDate "2024.07.14"]
[EventType "swiss"]

1. e4 c5 2. Nf3 Nc6 3. Bc4 e6 4. O-O d5 5. Bb5 dxe4 6. Ne5 Qc7 7. Nxc6 bxc6 8.
Bc4 Nf6 9. Nc3 Qe5 10. d3 exd3 11. Bxd3 Be7 12. Qf3 O-O 13. Bf4 Qh5 14. Qxc6 Bd7
15. Qb7 Rfd8 16. Rfe1 Qg4 17. Bc7 Rdc8 18. Ne4 Nd5 19. Bg3 Bc6 20. Qb3 f5 21. f3
Qh5 22. Nd6 Rcb8 23. Qa3 f4 24. Rxe6 fxg3 25. hxg3 Bf8 26. Qxc5 Rc8 27. Bc4 Kh8
28. g4 Bxd6 29. Rxd6 Qe5 30. Bxd5 Bxd5 31. Qxd5 Qxb2 32. Rd1 Rf8 33. Qb3 Qe5 34.
Qd3 Rae8 35. Qd4 Qe2 36. Rd7 Rg8 37. Qd3 Qe5 38. Rxa7 Qc5+ 39. Qd4 Re1+ 40. Kh2
Qxd4 41. Rxd4 1-0

[Event "57th Biel Rapid Open"]
[Site "Biel SUI"]
[Date "2024.07.14"]
[Round "2.17"]
[White "Frey, Fabian"]
[Black "Rosen, Eric"]
[Result "0-1"]
[BlackTitle "IM"]
[WhiteElo "2184"]
[BlackElo "2374"]
[WhiteFideId "1336487"]
[BlackFideId "2032562"]
[EventDate "2024.07.14"]
[EventType "swiss"]

1. e4 c5 2. Nf3 Nc6 3. Bb5 Nf6 4. Nc3 Nd4 5. e5 Nxb5 6. Nxb5 Nd5 7. Ng5 a6 8.
Qf3 f6 9. Qxd5 fxg5 10. Nc3 e6 11. Qf3 Be7 12. d3 Qc7 13. Qe2 O-O 14. O-O b5 15.
f4 Bb7 16. Ne4 c4 17. Bd2 gxf4 18. Bxf4 Rf5 19. Bg3 Raf8 20. Rfe1 Rc8 21. Nd6
Bxd6 22. exd6 Qc5+ 23. Kh1 cxd3 24. cxd3 Qc2 25. Rad1 Qc6 26. d4 Rcf8 27. Rg1
Qd5 28. a3 R8f6 29. h3 Rg6 30. Rd3 Rfg5 31. Kh2 h5 32. h4 Rg4 33. Qf2 Qe4 34.
Qf3 Rxh4+ 35. Bxh4 Qxh4+ 36. Qh3 Qf4+ 37. Kh1 Rg4 38. Qh2 Qe4 39. Rg3 Rf4 40.
Rh3 g6 41. Qg3 Kh7 42. Qg5 Bc6 43. Kh2 Qxd4 44. Qe7+ Kh6 45. b4 Qe5 46. Kh1 Qf5
47. Kh2 Rf2 48. Qd8 Qe5+ 49. Kh1 Qb2 50. Rh2 Qd4 51. Qe7 Rf5 52. Qd8 Rf7 53. Qc7
Qc3 54. Qb6 Qxa3 55. Qd4 Rf8 56. Rh4 Qg3 57. Qd2+ Kh7 58. Rh2 Qe5 59. Re1 Qg3
60. Rg1 Rf2 61. Qd1 Rf4 0-1

[Event "57th Biel Rapid Open"]
[Site "Biel SUI"]
[Date "2024.07.14"]
[Round "2.18"]
[White "Sukandar, Irine Kharisma"]
[Black "Pisan, Kai"]
[Result "1-0"]
[WhiteTitle "IM"]
[WhiteElo "2338"]
[BlackElo "2016"]
[WhiteFideId "7101937"]
[BlackFideId "39904881"]
[EventDate "2024.07.14"]
[EventType "swiss"]

1. e4 c6 2. d4 d5 3. exd5 cxd5 4. Bd3 Nc6 5. c3 Nf6 6. Bf4 Bg4 7. Nf3 e6 8. Qb3
Qc8 9. Nbd2 Be7 10. O-O O-O 11. Rae1 Bh5 12. Qc2 Bg6 13. Bxg6 hxg6 14. Qd3 Rd8
15. Ng5 Bd6 16. Be5 Qc7 17. f4 Re8 18. Qh3 Qe7 19. Ndf3 Rad8 20. Re2 Nb8 21.
Bxf6 Qxf6 22. Ne5 Rd7 23. Qh7+ Kf8 24. Ngxf7 Ke7 25. Nxd7 Nxd7 26. Ne5 Nf8 27.
Qh3 Kd8 28. Qg4 Kc7 29. Qg5 Re7 30. g3 Bxe5 31. Qxe5+ Kc8 32. Qd6 Rd7 33. Qc5+
Kb8 34. Rfe1 Qf7 35. a4 a6 36. Re3 Rc7 37. Qd6 Ka7 38. b4 Rc6 39. Qd8 Qf6 40.
Qxf6 gxf6 41. g4 Kb6 42. h4 Kc7 43. h5 gxh5 44. gxh5 Rd6 45. Rg3 Rd7 46. h6 Kd6
47. Rg7 Nh7 48. Kf2 f5 49. Reg1 Nf6 50. Rxd7+ Kxd7 51. h7 1-0

[Event "57th Biel Rapid Open"]
[Site "Biel SUI"]
[Date "2024.07.14"]
[Round "2.19"]
[White "Naarden, Amindo"]
[Black "Munkhzul, Turmunkh"]
[Result "0-1"]
[BlackTitle "WGM"]
[WhiteElo "1993"]
[BlackElo "2250"]
[WhiteFideId "1018507"]
[BlackFideId "4901878"]
[EventDate "2024.07.14"]
[EventType "swiss"]

1. c4 Nf6 2. Nc3 g6 3. d4 Bg7 4. e4 d6 5. g3 O-O 6. Bg2 e5 7. d5 a5 8. Nge2 Na6
9. O-O Nc5 10. h3 c6 11. Kh2 cxd5 12. cxd5 b5 13. Be3 b4 14. Bxc5 dxc5 15. Na4
c4 16. Rc1 Ba6 17. Nc5 Bb5 18. a4 Qb6 19. axb5 Qxc5 20. Qc2 Rfc8 21. Qa4 Nd7 22.
f4 Nb6 23. Qc2 Qxb5 24. f5 a4 25. g4 a3 26. bxa3 Rxa3 27. Qd2 c3 28. Qe3 c2 29.
Qf2 Ra7 30. Ra1 Rxa1 31. fxg6 Rxf1 32. gxf7+ Kh8 33. Bxf1 Qxe2 0-1

[Event "57th Biel Rapid Open"]
[Site "Biel SUI"]
[Date "2024.07.14"]
[Round "2.20"]
[White "Juksta, Karolis"]
[Black "Rotunno, Flavio"]
[Result "0-1"]
[WhiteTitle "IM"]
[WhiteElo "2400"]
[BlackElo "2168"]
[WhiteFideId "12809039"]
[BlackFideId "1338528"]
[EventDate "2024.07.14"]
[EventType "swiss"]

1. d4 Nf6 2. c4 e6 3. Nf3 b6 4. g3 Bb4+ 5. Bd2 a5 6. Bg2 O-O 7. O-O Ba6 8. b3 d5
9. a3 Be7 10. Ne5 Bb7 11. Nc3 c5 12. dxc5 bxc5 13. cxd5 exd5 14. Bf4 Na6 15. Qd2
Nc7 16. Rfd1 Qc8 17. Na4 Ra6 18. Nd3 Ne6 19. Be5 Nd7 20. Rac1 Nxe5 21. Nxe5 Rd8
22. Qc2 Nd4 23. Qa2 Qe6 24. e3 Qxe5 25. exd4 cxd4 26. Nc5 Bxc5 27. Rxc5 Rc8 28.
Rxc8+ Bxc8 29. Qc2 Bf5 30. Qb2 Rc6 31. b4 Rc2 32. Qb3 Qe2 33. Qf3 Qxf3 34. Bxf3
axb4 35. Rxd4 bxa3 36. Rxd5 g6 37. Ra5 a2 38. Kg2 Be6 0-1

[Event "57th Biel Rapid Open"]
[Site "Biel SUI"]
[Date "2024.07.14"]
[Round "2.21"]
[White "Brockmann, Fabian"]
[Black "Munguntuul, Batkhuyag"]
[Result "0-1"]
[BlackTitle "IM"]
[WhiteElo "2003"]
[BlackElo "2356"]
[WhiteFideId "4639561"]
[BlackFideId "4900758"]
[EventDate "2024.07.14"]
[EventType "swiss"]

1. e4 c5 2. Nf3 e6 3. b3 Nc6 4. Bb5 Nf6 5. e5 Nd5 6. Bb2 Qc7 7. O-O a6 8. Bxc6
Qxc6 9. d4 b5 10. c4 Nc7 11. dxc5 Bxc5 12. Nd4 Qb6 13. cxb5 axb5 14. Qg4 O-O 15.
Nf3 Bb7 16. Nbd2 Be7 17. Ne4 Bxe4 18. Qxe4 b4 19. h4 h6 20. Rfd1 Nd5 21. Rd3 Ra5
22. Nd2 Qa6 23. Nc4 Rxa2 24. Rxa2 Qxa2 25. Rg3 f5 26. exf6 Bxf6 27. Bxf6 Rxf6
28. Rf3 Nc3 29. Qg4 Qb1+ 30. Kh2 Ne2 0-1

[Event "57th Biel Rapid Open"]
[Site "Biel SUI"]
[Date "2024.07.14"]
[Round "2.22"]
[White "Haimovich, Tal"]
[Black "Musaelyan, Arshavir"]
[Result "1-0"]
[WhiteTitle "IM"]
[WhiteElo "2324"]
[BlackElo "1981"]
[WhiteFideId "2801698"]
[BlackFideId "1332082"]
[EventDate "2024.07.14"]
[EventType "swiss"]

1. Nf3 c5 2. e4 Nc6 3. Nc3 e5 4. Nd5 Nf6 5. Nxf6+ Qxf6 6. Bc4 d6 7. d3 Bg4 8. c3
a6 9. Be3 Rb8 10. h3 Bxf3 11. Qxf3 Qxf3 12. gxf3 b5 13. Bb3 Be7 14. Ke2 Bf6 15.
f4 exf4 16. Bxf4 Kd7 17. Rhg1 b4 18. Bd2 bxc3 19. bxc3 Ke7 20. Rab1 Rb6 21. Bc2
Rhb8 22. Rxb6 Rxb6 23. Rb1 Rxb1 24. Bxb1 g5 25. Bc2 h5 26. Bb3 Nd8 27. Bc4 a5
28. a4 Kf8 29. Bd5 Ne6 30. Bxe6 fxe6 31. f4 gxf4 32. Bxf4 Bxc3 33. Bxd6+ Kf7 34.
Bxc5 Kf6 35. Kf3 Bd2 36. d4 Bc1 37. Bb6 Bd2 38. Bd8+ Kf7 39. d5 Ke8 40. Bb6 Kd7
41. Bc5 Bc1 42. Ke2 exd5 43. exd5 Bf4 44. Kd3 Bg3 45. Kc4 Be1 46. Be3 Kd6 47.
Bf4+ Kd7 48. Be5 Bb4 49. Bc3 Bxc3 50. Kxc3 Kc7 51. Kd4 Kd6 52. Kc4 Kc7 53. Kb5
Kd6 54. Kxa5 1-0